|
|
|
|
| LEADER |
00000nab a2200000 a 4500 |
| 001 |
vtls000543720 |
| 003 |
SK-MaSNL |
| 005 |
20260304094919.0 |
| 008 |
250425c1993 xo 0 slo |
| 015 |
|
|
|a SNBRA19rr/mm-uuuuu
|
| 035 |
|
|
|a CL0543858
|
| 035 |
|
|
|a urn:nbn:sk:snk-ab9g55
|
| 035 |
|
|
|a (urnnbn)urn:nbn:sk:snk:ar-a08dc0
|
| 035 |
|
|
|a (uuid)eb8188fc-f9eb-4124-85b5-8e13c37bdd8f
|
| 040 |
|
|
|a SNKBUCL
|b slo
|c SNKBUCL
|e AACR2
|
| 041 |
0 |
|
|a slo
|
| 044 |
|
|
|a xo
|c SK
|
| 080 |
|
|
|a 531.717
|2 1981
|
| 100 |
1 |
|
|a Görög, Augustín
|4 aut
|9 12064
|
| 245 |
1 |
0 |
|a Vyhodnocovanie odchýlky rovinnosti
|c Augustín Görög, Miroslav Maduda
|
| 300 |
|
|
|b Lit. 5 zázn. v češ., slov.
|
| 650 |
0 |
7 |
|a rovinnosť
|2 snkbucl
|9 1391729
|
| 655 |
|
7 |
|a články zo zborníkov
|2 snkbucl
|9 166140
|
| 700 |
1 |
|
|a Maduda, Miroslav
|4 aut
|9 6913
|
| 773 |
0 |
|
|t Zborník vedeckých prác Materiálovotechnologickej fakulty Slovenskej technickej univerzity v Bratislave. Zv. 1
|d Bratislava : STU, 1993
|g S. 97-102
|z 8022706574
|
| 850 |
|
|
|a Slovenská národná knižnica
|
| 852 |
|
|
|a Slovenská národná knižnica
|
| 954 |
|
|
|a odborná, vedecká literatúra pôvodná (slovenská)
|2 lita
|
| 958 |
|
|
|a article13
|
| 958 |
|
|
|a OND
|
| 958 |
|
|
|a NB
|
| 958 |
|
|
|a RK
|
| 958 |
|
|
|a EUIPO
|
| 992 |
|
|
|a RZB
|
| 999 |
|
|
|c 2829654
|d 2831584
|